[Event "45th IT Bosna 2015"]
[Site "Sarajevo"]
[Date "2015.05.31"]
[Round "3.2"]
[White "Predojevic, Borki"]
[Black "Drazic, Sinisa"]
[Result "1/2-1/2"]
[WhiteElo "2623"]
[BlackElo "2439"]
[PlyCount "69"]
[EventDate "2015.05.30"]

1. Nf3 Nf6 2. c4 g6 3. d4 Bg7 4. g3 O-O 5. Bg2 d6 6. O-O Nc6 7. Nc3 Bf5 8. Ne1
Qd7 9. e4 Bh3 10. f3 Bxg2 11. Kxg2 e6 12. Be3 Kh8 13. Rc1 a6 14. Nd3 Ng8 15. d5
Ne5 16. Nxe5 Bxe5 17. c5 dxc5 18. Bxc5 Rfd8 19. Bd4 Bg7 20. Bxg7+ Kxg7 21. Qd4+
f6 22. Rfd1 e5 23. Qb4 b6 24. d6 c5 25. Qxb6 Rab8 26. Qc7 Rxb2+ 27. Kg1 Rb7 28.
Qxc5 Nh6 29. Qa3 Rc8 30. Qxa6 Nf7 31. Qe2 Rc6 32. Nd5 Rxc1 33. Rxc1 Qxd6 34.
Kg2 Qa3 35. Rc2 1/2-1/2

[Event "45th IT Bosna 2015"]
[Site "Sarajevo"]
[Date "2015.05.31"]
[Round "3.3"]
[White "Jakovljevic, Vlado"]
[Black "Kozul, Zdenko"]
[Result "0-1"]
[WhiteElo "2393"]
[BlackElo "2620"]
[PlyCount "76"]
[EventDate "2015.05.30"]

1. Nf3 Nf6 2. c4 g6 3. d4 Bg7 4. g3 c6 5. Bg2 O-O 6. Nc3 d5 7. cxd5 cxd5 8. Ne5
e6 9. O-O Bd7 10. Bf4 Qb6 11. Qd2 Nc6 12. Be3 Rfc8 13. Rfc1 Be8 14. h3 Qd8 15.
f4 b5 16. Nxb5 Nh5 17. g4 Nxf4 18. Nxc6 Bxc6 19. Bxf4 Bxb5 20. e3 h6 21. Rxc8
Rxc8 22. Rc1 Rxc1+ 23. Qxc1 Qa5 24. Qc8+ Kh7 25. Qc7 Qe1+ 26. Kh2 Qd2 27. Kh1
g5 28. Be5 Qf2 29. Bxg7 Kxg7 30. Qe5+ Kg6 31. Qb8 Bf1 32. Qg8+ Kf6 33. Qh8+ Ke7
34. Bxf1 Qxf1+ 35. Kh2 Qf2+ 36. Kh1 Qxe3 37. Qxh6 Qc1+ 38. Kg2 Qxb2+ 0-1

[Event "45th IT Bosna 2015"]
[Site "Sarajevo"]
[Date "2015.05.31"]
[Round "3.4"]
[White "Ivanov, Mikhail M"]
[Black "Stevic, Hrvoje"]
[Result "0-1"]
[WhiteElo "2384"]
[BlackElo "2596"]
[PlyCount "122"]
[EventDate "2015.05.30"]

1. d4 Nc6 2. Nf3 d5 3. e3 Bg4 4. Nbd2 e6 5. h3 Bh5 6. Be2 Nf6 7. a3 Be7 8. b4
a5 9. b5 Na7 10. c4 dxc4 11. Bxc4 O-O 12. O-O c6 13. bxc6 Nxc6 14. Be2 Rb8 15.
a4 Nb4 16. Ba3 Bg6 17. Bxb4 Bxb4 18. Ne5 Nd5 19. Nb1 Qe7 20. Nxg6 hxg6 21. Ra2
Nc7 22. Qb3 b5 23. axb5 Nxb5 24. Bxb5 Rxb5 25. Nc3 Rb7 26. Na4 e5 27. d5 e4 28.
Rd1 Rd8 29. Qc4 Qe5 30. g3 Rbd7 31. Nb6 Rc7 32. Qb5 Rc5 33. Qe2 Qc7 34. Na4 Rc1
35. Kg2 Rxd1 36. Qxd1 Qc4 37. Rc2 Qxd5 38. Qxd5 Rxd5 39. Rc8+ Kh7 40. Nc3 Rc5
41. Rxc5 Bxc5 42. Kf1 f5 43. Ke2 Kg8 44. f3 Bb4 45. Nd5 Kf7 46. fxe4 fxe4 47.
Kd1 Ke6 48. Nf4+ Kf5 49. Nd5 Ke5 50. Nf4 g5 51. Ne2 a4 52. Nc1 Kd5 53. Na2 Kc4
54. Kc2 a3 55. g4 Ba5 56. Nc1 Bb6 57. Na2 Bxe3 58. Nc3 Bd4 59. Nxe4 a2 60. Nd2+
Kb4 61. Nb3 Bf6 0-1

[Event "45th IT Bosna 2015"]
[Site "Sarajevo"]
[Date "2015.05.31"]
[Round "3.5"]
[White "Palac, Mladen"]
[Black "Vajic, Goran"]
[Result "1-0"]
[WhiteElo "2561"]
[BlackElo "2379"]
[PlyCount "83"]
[EventDate "2015.05.30"]

1. e4 e5 2. Nf3 Nf6 3. Nxe5 d6 4. Nf3 Nxe4 5. c4 Be7 6. d4 O-O 7. Bd3 d5 8. O-O
c6 9. Re1 Bf5 10. Qc2 Nd7 11. Nc3 Ndf6 12. Ne5 Bb4 13. a3 Bxc3 14. bxc3 Bg6 15.
Rb1 dxc4 16. Bxe4 Bxe4 17. Rxe4 Nxe4 18. Qxe4 f6 19. Nf3 Re8 20. Qf5 b5 21. Qc5
Re6 22. Be3 Qd5 23. Rxb5 Qxc5 24. Rxc5 Rb8 25. h4 Rb3 26. Rxc4 Rxa3 27. Rc5
Ra1+ 28. Kh2 Kf7 29. c4 a5 30. h5 Ke7 31. d5 cxd5 32. Nd4 Ra6 33. Nf5+ Ke6 34.
Nxg7+ Kd7 35. Rxd5+ Rd6 36. Rb5 a4 37. Nf5 Rc6 38. c5 Ra6 39. Nd4 a3 40. c6+
Ke7 41. Rb7+ Ke8 42. Rb8+ 1-0

[Event "45th IT Bosna 2015"]
[Site "Sarajevo"]
[Date "2015.05.31"]
[Round "3.6"]
[White "Markoja, Boris"]
[Black "Heberla, Bartlomiej"]
[Result "0-1"]
[WhiteElo "2372"]
[BlackElo "2556"]
[PlyCount "114"]
[EventDate "2015.05.30"]

1. c4 Nf6 2. g3 g6 3. Bg2 Bg7 4. Nc3 O-O 5. e4 c5 6. Nge2 Nc6 7. O-O d6 8. d3
a6 9. h3 Rb8 10. a4 Ne8 11. Be3 Nc7 12. d4 cxd4 13. Nxd4 Ne6 14. Nde2 Na5 15.
b3 Bd7 16. Rb1 b5 17. axb5 axb5 18. Nxb5 Bxb5 19. cxb5 Rxb5 20. b4 Nc4 21. Qd3
Nxe3 22. Qxb5 Nxf1 23. Kxf1 Qc7 24. Qd3 Rb8 25. h4 Qb6 26. Nc3 Bxc3 27. Qxc3
Nd4 28. Qc4 Qc5 29. Qxc5 dxc5 30. Ke1 cxb4 31. Kd2 e5 32. Bf1 Rb6 33. f4 exf4
34. gxf4 Ne6 35. Ke3 b3 36. Bc4 b2 37. f5 gxf5 38. exf5 Nc5 39. f6 Na4 40. Kd3
Rd6+ 41. Kc2 Rxf6 42. Kb3 Rf4 43. Bb5 Nc5+ 44. Kxb2 Rxh4 45. Kc3 Rg4 46. Be2
Rg2 47. Rb8+ Kg7 48. Kd2 Rg3 49. Ke1 Ne4 50. Kf1 f5 51. Rb6 Rb3 52. Rc6 h5 53.
Kg2 h4 54. Bh5 Rg3+ 55. Kh2 Nf6 56. Rc4 Nxh5 57. Rxh4 Rg5 0-1

[Event "45th IT Bosna 2015"]
[Site "Sarajevo"]
[Date "2015.05.31"]
[Round "3.7"]
[White "Burovic, Ismet"]
[Black "Antipov, Mikhail Al"]
[Result "1/2-1/2"]
[WhiteElo "2354"]
[BlackElo "2523"]
[PlyCount "77"]
[EventDate "2015.05.30"]

1. e4 c5 2. d3 Nc6 3. g3 e6 4. Bg2 d5 5. Nd2 g6 6. Ngf3 Bg7 7. O-O Nge7 8. Re1
O-O 9. c3 e5 10. exd5 Nxd5 11. a3 Re8 12. Ne4 b6 13. b4 f5 14. Qb3 h6 15. Bxh6
fxe4 16. Bg5 exf3 17. Bxd8 Be6 18. Bxf3 Raxd8 19. Be4 Nf6 20. Qa4 Nxe4 21. dxe4
Rc8 22. Rad1 Bf8 23. Kg2 cxb4 24. axb4 a5 25. bxa5 Nxa5 26. Qb5 Bc5 27. Rd5 Nc6
28. Red1 Rf8 29. Rxc5 bxc5 30. Qxc5 Bg4 31. Rd3 Rf7 32. h3 Bd7 33. Rd6 Kg7 34.
Qd5 Rc7 35. h4 Be8 36. Qe6 Rf8 37. g4 Re7 38. Qd5 Ref7 39. Qd2 1/2-1/2

[Event "45th IT Bosna 2015"]
[Site "Sarajevo"]
[Date "2015.05.31"]
[Round "3.8"]
[White "Kadric, Denis"]
[Black "Bistric, Faruk"]
[Result "1-0"]
[WhiteElo "2493"]
[BlackElo "2370"]
[PlyCount "67"]
[EventDate "2015.05.30"]

1. e4 c5 2. Nf3 d6 3. d4 cxd4 4. Nxd4 Nf6 5. Nc3 h6 6. Bc4 Bd7 7. O-O Nc6 8.
Bb3 e6 9. f4 Be7 10. f5 Nxd4 11. Qxd4 Qa5 12. fxe6 fxe6 13. Qd3 O-O 14. Qh3 d5
15. Be3 Bc5 16. Bxc5 Qxc5+ 17. Kh1 Qd6 18. Rfe1 Qc7 19. exd5 exd5 20. Nxd5 Nxd5
21. Bxd5+ Kh8 22. Re7 Rad8 23. Qe3 Qxc2 24. Rxg7 Kxg7 25. Qe7+ Kg6 26. Be4+
Qxe4 27. Qxe4+ Kg7 28. Rd1 Rf7 29. h3 Re8 30. Qd4+ Kg6 31. Rd3 Bc6 32. Qh4 Re5
33. Rd6+ Kf5 34. Qg4# 1-0

[Event "45th IT Bosna 2015"]
[Site "Sarajevo"]
[Date "2015.05.31"]
[Round "3.9"]
[White "Rasidovic, Sead"]
[Black "Popovic, Dusan"]
[Result "0-1"]
[WhiteElo "2341"]
[BlackElo "2492"]
[PlyCount "72"]
[EventDate "2015.05.30"]

1. e4 c5 2. Nf3 d6 3. d4 cxd4 4. Nxd4 Nf6 5. Nc3 a6 6. Be2 e5 7. Nb3 Be7 8. g4
h6 9. Be3 Be6 10. Bf3 Nbd7 11. Qe2 Nb6 12. Rg1 Nfd7 13. Nd2 Rc8 14. a4 Bg5 15.
a5 Nc4 16. Nxc4 Rxc4 17. Qd2 Bxe3 18. Qxe3 Qg5 19. Qe2 O-O 20. Nd1 Rfc8 21. c3
Nf8 22. Ne3 R4c5 23. h4 Qxh4 24. g5 hxg5 25. Bg4 Bxg4 26. Nxg4 Qh3 27. f3 Ne6
28. Qe3 d5 29. Nf2 d4 30. Qe2 Qh2 31. Rg4 dxc3 32. b4 Nd4 33. Qd3 R5c6 34. Rc1
c2 35. Kf1 Rc3 36. Qd2 Rxf3 0-1

[Event "45th IT Bosna 2015"]
[Site "Sarajevo"]
[Date "2015.05.31"]
[Round "3.10"]
[White "Hadzovic, Amir"]
[Black "Kosic, Dragan"]
[Result "0-1"]
[WhiteElo "2218"]
[BlackElo "2482"]
[PlyCount "90"]
[EventDate "2015.05.30"]

1. e4 e6 2. Nf3 d5 3. e5 c5 4. g3 Nc6 5. h4 Qc7 6. Qe2 Nge7 7. d3 Ng6 8. Bf4
Bd7 9. h5 Nxf4 10. gxf4 O-O-O 11. c3 f6 12. Na3 a6 13. Nc2 Be7 14. Bh3 fxe5 15.
fxe5 Rhf8 16. O-O-O Rf4 17. Rhg1 Rdf8 18. Rg3 Qd8 19. Nce1 R4f7 20. Kb1 Kb8 21.
Rd2 Qc7 22. Rc2 Ka8 23. b3 Qb6 24. Rb2 Qa5 25. Qd2 d4 26. c4 Qxd2 27. Rxd2 Bd8
28. Re2 Ba5 29. Bg2 Be8 30. Nc2 Rf5 31. b4 Bxb4 32. Nxb4 Nxb4 33. Rb2 Bxh5 34.
Nxd4 Rxf2 35. Rxf2 Rxf2 36. Nxe6 Nxd3 37. Be4 Nxe5 38. Rxg7 Rf7 39. Rg8+ Ka7
40. Nxc5 Nxc4 41. Kc2 Nd6 42. Bg2 Rc7 43. Rg5 Bf7 44. Kb1 h6 45. Re5 Nc4 0-1

[Event "45th IT Bosna 2015"]
[Site "Sarajevo"]
[Date "2015.05.31"]
[Round "3.11"]
[White "Nikolic, Predrag"]
[Black "Vea, Odin Blikra"]
[Result "1-0"]
[WhiteElo "2618"]
[BlackElo "2234"]
[PlyCount "79"]
[EventDate "2015.05.30"]

1. d4 Nf6 2. c4 c5 3. Nf3 cxd4 4. Nxd4 e5 5. Nb5 d5 6. cxd5 Bc5 7. e3 O-O 8.
N5c3 e4 9. Be2 Qe7 10. a3 Rd8 11. b4 Bd6 12. Ra2 a5 13. b5 Nbd7 14. Na4 Ne5 15.
Nb6 Rb8 16. Bb2 Bf5 17. Bxe5 Bxe5 18. Rd2 Qc5 19. Nc4 Ba1 20. Nxa5 Bc3 21. Nxc3
Qxc3 22. Nc4 Rxd5 23. O-O Rxd2 24. Qxd2 Qxd2 25. Nxd2 Ra8 26. Ra1 Nd5 27. Bf1
Nc3 28. Rc1 Rc8 29. Nb3 Be6 30. Nd4 Bd7 31. h4 Kf8 32. Kh2 Ke7 33. Nc6+ bxc6
34. Rxc3 c5 35. a4 Ra8 36. Ra3 Ra5 37. Kg3 Kd6 38. Kf4 Be6 39. Kxe4 Bd5+ 40.
Kd3 1-0

[Event "45th IT Bosna 2015"]
[Site "Sarajevo"]
[Date "2015.05.31"]
[Round "3.12"]
[White "Dizdarevic, Emir"]
[Black "Hodzic, Nihad"]
[Result "1-0"]
[WhiteElo "2546"]
[BlackElo "2210"]
[PlyCount "69"]
[EventDate "2015.05.30"]

1. Nf3 f5 2. g3 Nf6 3. Bg2 g6 4. b3 Bg7 5. Bb2 O-O 6. O-O d6 7. d4 Na6 8. Nbd2
Rb8 9. e3 Qe8 10. Qe2 c5 11. Ne1 Bd7 12. Nd3 Bc6 13. Bxc6 Qxc6 14. c4 b5 15.
Rfc1 bxc4 16. Rxc4 Qb5 17. dxc5 Nxc5 18. Nxc5 dxc5 19. Bxf6 Rxf6 20. Rac1 Rc8
21. Nf3 Rd6 22. Kg2 Rd5 23. e4 fxe4 24. Qxe4 Qd7 25. b4 Rf8 26. Rxc5 Rd3 27.
Ne5 Bxe5 28. Rxe5 Rd2 29. Rf1 Rf7 30. a3 Ra2 31. Rd5 Qc7 32. Rc5 Qd7 33. Qe3
Qb7+ 34. Kg1 Rf3 35. Qe6+ 1-0

[Event "45th IT Bosna 2015"]
[Site "Sarajevo"]
[Date "2015.05.31"]
[Round "3.13"]
[White "Savic, Miodrag R"]
[Black "Szostko, Jakub"]
[Result "1-0"]
[WhiteElo "2509"]
[BlackElo "2153"]
[PlyCount "145"]
[EventDate "2015.05.30"]

1. e4 c6 2. d3 d5 3. Nd2 e5 4. Ngf3 Bd6 5. g3 Nf6 6. Bg2 O-O 7. O-O Nbd7 8. Qe2
Re8 9. Rd1 Nc5 10. b3 Bg4 11. h3 Bxf3 12. Bxf3 Qd7 13. Bg2 Ne6 14. c3 d4 15. c4
a5 16. Nf3 Qc7 17. Rb1 c5 18. a3 Nd7 19. h4 b6 20. Bh3 a4 21. Rd2 axb3 22. Rxb3
h6 23. Rdb2 Ra6 24. Nh2 Qd8 25. Ng4 h5 26. Nh2 g6 27. Nf3 Qe7 28. Ne1 Rea8 29.
Rb1 Qf6 30. Ng2 R8a7 31. Bb2 Bf8 32. Rf1 Bh6 33. Qd1 Qe7 34. f4 exf4 35. Bc1 f3
36. Rxf3 Bxc1 37. Qxc1 Ne5 38. Rf1 Ra8 39. Kh2 Ng4+ 40. Bxg4 hxg4 41. Qd1 Rxa3
42. Rxb6 Ng7 43. Rbf6 Nh5 44. Rxf7 Qxf7 45. Rxf7 Kxf7 46. Qxg4 R8a7 47. Nf4
Nxf4 48. Qxf4+ Kg8 49. Qd6 Rg7 50. Qxc5 Rxd3 51. Qd5+ Kh7 52. c5 Rd2+ 53. Kh3
d3 54. c6 Rd1 55. Qb3 Rh1+ 56. Kg2 Rc1 57. Qxd3 Rxc6 58. Qd5 Rcc7 59. e5 Rce7
60. g4 Rg8 61. Kg3 Rge8 62. Kf4 g5+ 63. hxg5 Rxe5 64. Qf7+ Kh8 65. Qf6+ Kg8 66.
Qxe5 Rxe5 67. Kxe5 Kg7 68. Kf5 Kf7 69. g6+ Kg7 70. Kg5 Kg8 71. Kf6 Kh8 72. g7+
Kg8 73. g5 1-0

[Event "45th IT Bosna 2015"]
[Site "Sarajevo"]
[Date "2015.05.31"]
[Round "3.15"]
[White "Kovacevic, Aleksandar"]
[Black "Peric, Bernard"]
[Result "1-0"]
[WhiteElo "2486"]
[BlackElo "2072"]
[PlyCount "65"]
[EventDate "2015.05.30"]

1. e4 e5 2. Nf3 Nf6 3. d4 Nxe4 4. Bd3 d5 5. Nxe5 Nd7 6. O-O Bd6 7. Nxd7 Bxd7 8.
c4 c6 9. cxd5 cxd5 10. Nc3 Nxc3 11. bxc3 O-O 12. Qh5 f5 13. Qf3 Be6 14. Re1 Qd7
15. Bf4 Rac8 16. Bb5 Qxb5 17. Bxd6 Rfe8 18. Re3 Qd7 19. Be5 Qf7 20. Qf4 Bd7 21.
Rg3 g6 22. Re1 Rc6 23. h4 h5 24. Qh6 Qh7 25. Qg5 Kf7 26. Rge3 Kg8 27. Bd6 Qf7
28. Rxe8+ Bxe8 29. Qd8 Rxd6 30. Qxd6 Qd7 31. Qf6 Qf7 32. Qd8 Kf8 33. Qd6+ 1-0

[Event "45th IT Bosna 2015"]
[Site "Sarajevo"]
[Date "2015.05.31"]
[Round "3.16"]
[White "Nestorovic, Dejan"]
[Black "Zlobec, Srdjan"]
[Result "1/2-1/2"]
[WhiteElo "2425"]
[BlackElo "2061"]
[PlyCount "50"]
[EventDate "2015.05.30"]

1. d4 Nf6 2. c4 c5 3. d5 b5 4. cxb5 a6 5. e3 g6 6. Nc3 Bg7 7. a4 O-O 8. Nf3 d6
9. Ra3 Bb7 10. Be2 axb5 11. Bxb5 Na6 12. O-O Nc7 13. Bc4 Ba6 14. Nb5 Qd7 15.
Qd3 Rfb8 16. Rb3 Rb7 17. Nxc7 Bxc4 18. Qxc4 Qxc7 19. Rxb7 Qxb7 20. Rd1 Qa6 21.
Qxa6 Rxa6 22. b3 c4 23. bxc4 Rxa4 24. Nd2 Nd7 25. Kf1 Nb6 1/2-1/2

[Event "45th IT Bosna 2015"]
[Site "Sarajevo"]
[Date "2015.05.31"]
[Round "3.17"]
[White "Pastar, Slaven"]
[Black "Arapovic, Vitomir"]
[Result "0-1"]
[WhiteElo "2194"]
[BlackElo "2347"]
[PlyCount "76"]
[EventDate "2015.05.30"]

1. e4 g6 2. d4 Bg7 3. c4 Nc6 4. Be3 e5 5. Nf3 exd4 6. Nxd4 Nge7 7. Nc3 O-O 8.
Be2 f5 9. exf5 Bxd4 10. Bxd4 Nxf5 11. Bc5 d6 12. Ba3 Nfd4 13. O-O Qg5 14. Ne4
Qe5 15. Bd3 Bf5 16. Ng3 Bxd3 17. Qxd3 Rae8 18. b3 Nf5 19. Nxf5 Rxf5 20. Rab1
Qe4 21. Qxe4 Rxe4 22. Rfe1 Rxe1+ 23. Rxe1 Ra5 24. Bc1 Rxa2 25. Bg5 Rb2 26. h4
Rxb3 27. Re8+ Kf7 28. Rc8 h5 29. Rxc7+ Ke6 30. Rg7 Ne5 31. f4 Ng4 32. Kf1 Kf5
33. Ke2 a5 34. Rd7 a4 35. Rxd6 a3 36. Rd5+ Ke4 37. Ra5 Rb2+ 38. Kd1 a2 0-1

[Event "45th IT Bosna 2015"]
[Site "Sarajevo"]
[Date "2015.05.31"]
[Round "3.18"]
[White "Kurtcehajic, Suad"]
[Black "Marjanovic, Dejan"]
[Result "0-1"]
[WhiteElo "2058"]
[BlackElo "2340"]
[PlyCount "77"]
[EventDate "2015.05.30"]

1. e4 c5 2. c3 d5 3. exd5 Qxd5 4. d4 Nf6 5. Nf3 e6 6. Be2 Nc6 7. O-O cxd4 8.
cxd4 Be7 9. Nc3 Qd6 10. Nb5 Qd8 11. Bf4 Nd5 12. Bg3 a6 13. Nc3 Nf6 14. Bf4 O-O
15. Rc1 Nb4 16. Ne5 Nbd5 17. Bg5 Nxc3 18. bxc3 Nd7 19. Bxe7 Qxe7 20. Nxd7 Bxd7
21. Bf3 Rab8 22. Re1 Qd6 23. Be4 Rfc8 24. Qh5 g6 25. Qh6 Bc6 26. Bxc6 Rxc6 27.
Re4 Qf8 28. Qe3 Rbc8 29. Qd2 b5 30. h4 b4 31. c4 Rxc4 32. Rxc4 Rxc4 33. h5 a5
34. hxg6 hxg6 35. Qg5 Qd6 36. Qe3 Qc7 37. g3 Qc6 38. Qf4 Qd5 39. f3 0-1

[Event "45th IT Bosna 2015"]
[Site "Sarajevo"]
[Date "2015.05.31"]
[Round "3.19"]
[White "Drino, Faris"]
[Black "Sutkovic, Damir"]
[Result "0-1"]
[WhiteElo "1774"]
[BlackElo "2320"]
[PlyCount "66"]
[EventDate "2015.05.30"]

1. e4 c5 2. Nf3 e6 3. c4 d6 4. d4 cxd4 5. Nxd4 Nf6 6. Nc3 a6 7. Be2 Be7 8. O-O
O-O 9. Be3 b6 10. f4 Bb7 11. Bf3 Qc7 12. Rc1 Nbd7 13. b3 Rfe8 14. Kh1 Bf8 15.
a4 Rac8 16. Re1 Qb8 17. Bf2 e5 18. fxe5 dxe5 19. Nf5 Bb4 20. Re2 g6 21. Ne3
Bxc3 22. Rxc3 Bxe4 23. Bxe4 Nxe4 24. Rd3 Ndc5 25. Nd5 Nxd3 26. Qxd3 Nxf2+ 27.
Rxf2 Re6 28. Qh3 Qd6 29. Rxf7 Kxf7 30. Qxh7+ Ke8 31. Qg8+ Kd7 32. Qf7+ Re7 33.
Nf6+ Kc6 0-1

[Event "45th IT Bosna 2015"]
[Site "Sarajevo"]
[Date "2015.05.31"]
[Round "3.21"]
[White "Jovanovic, Zoran"]
[Black "Pestek, Elvis"]
[Result "1-0"]
[WhiteElo "2518"]
[BlackElo "2035"]
[PlyCount "50"]
[EventDate "2015.05.30"]

1. e4 e6 2. d4 d5 3. Nc3 Bb4 4. Bd3 Bd7 5. exd5 exd5 6. a3 Bxc3+ 7. bxc3 Nf6 8.
Ne2 O-O 9. O-O Re8 10. Bg5 Be6 11. Rb1 b6 12. Nf4 Nbd7 13. Re1 c6 14. Qf3 h6
15. Nxe6 Rxe6 16. Rxe6 fxe6 17. Bf4 Qe7 18. Qe3 Qf7 19. Re1 Re8 20. Bd6 b5 21.
Qg3 Ne4 22. Bxe4 dxe4 23. Rxe4 Qf5 24. Be5 Qf7 25. Bxg7 Kh7 1-0

[Event "45th IT Bosna 2015"]
[Site "Sarajevo"]
[Date "2015.05.31"]
[Round "3.22"]
[White "Aleksic, Neven"]
[Black "Kurajica, Bojan"]
[Result "0-1"]
[WhiteElo "2034"]
[BlackElo "2518"]
[PlyCount "76"]
[EventDate "2015.05.30"]

1. d4 Nf6 2. c4 e6 3. Nf3 b6 4. g3 Ba6 5. Nbd2 c5 6. Bg2 Bb7 7. O-O cxd4 8.
Nxd4 Bxg2 9. Kxg2 Qc7 10. b3 Qb7+ 11. Kg1 Be7 12. Bb2 O-O 13. Qc2 a6 14. Qd3
Ra7 15. Rac1 d6 16. Rfd1 Rc8 17. Qf3 Qxf3 18. N4xf3 Nbd7 19. e4 Nc5 20. e5 dxe5
21. Nxe5 Rac7 22. Nf1 Nfe4 23. f3 Nd6 24. Ba3 Nf5 25. Bxc5 Bxc5+ 26. Kg2 f6 27.
Nd3 Ba3 28. Rb1 b5 29. Nf4 Kf7 30. Re1 g5 31. g4 Nh4+ 32. Kh3 Nxf3 33. Nxe6
Nxe1 34. Nxc7 Rxc7 35. Rxe1 bxc4 36. bxc4 Rxc4 37. Re3 Bc5 38. Rd3 Rc2 0-1

[Event "45th IT Bosna 2015"]
[Site "Sarajevo"]
[Date "2015.05.31"]
[Round "3.23"]
[White "Burovic, Rijad"]
[Black "Bucevac, Ljubisa"]
[Result "1-0"]
[WhiteElo "2330"]
[BlackElo "2031"]
[PlyCount "99"]
[EventDate "2015.05.30"]

1. e4 e5 2. f4 d5 3. exd5 c6 4. Qe2 Nf6 5. Qxe5+ Be7 6. d6 Qxd6 7. Qxd6 Bxd6 8.
d3 O-O 9. Nc3 Na6 10. Bd2 Re8+ 11. Be2 Nc5 12. O-O-O Ne6 13. Nh3 Nd4 14. Rde1
Bxh3 15. gxh3 Re7 16. Bd1 Rae8 17. Rxe7 Rxe7 18. Rf1 b5 19. Rf2 Bc5 20. Rg2 h6
21. Nb1 Nf5 22. b4 Bb6 23. Nc3 Kf8 24. Re2 Rxe2 25. Bxe2 Nd4 26. Bd1 Ke7 27. a4
a6 28. a5 Ba7 29. Ne4 Ne8 30. c3 Nf5 31. Bf3 Kd7 32. Kd1 Nc7 33. Ke2 Ne8 34.
Bg4 g6 35. Ng3 Neg7 36. Nxf5 Nxf5 37. Bf3 Ne7 38. Be3 Nc8 39. Bxa7 Nxa7 40. Ke3
Nc8 41. c4 f5 42. Kd4 Na7 43. Kc5 Kc7 44. h4 Kb7 45. cxb5 axb5 46. h3 Kc7 47.
a6 Kd7 48. Kb6 Nc8+ 49. Kb7 Nd6+ 50. Kb8 1-0

[Event "45th IT Bosna 2015"]
[Site "Sarajevo"]
[Date "2015.05.31"]
[Round "3.24"]
[White "Sitnic, Adnan"]
[Black "Trkulja, Goran"]
[Result "0-1"]
[WhiteElo "2014"]
[BlackElo "2324"]
[PlyCount "99"]
[EventDate "2015.05.30"]

1. e4 c5 2. f4 e6 3. Nf3 a6 4. c4 Nc6 5. Nc3 d6 6. d4 cxd4 7. Nxd4 Bd7 8. Be3
Nf6 9. Be2 Be7 10. O-O O-O 11. Bf3 Rc8 12. b3 Nxd4 13. Bxd4 Bc6 14. Qd3 e5 15.
Be3 exf4 16. Bxf4 Nd7 17. Qd2 Ne5 18. Rad1 b5 19. cxb5 axb5 20. Nd5 Bxd5 21.
Qxd5 Qb6+ 22. Kh1 Rc5 23. Qd2 Qc7 24. Be3 Rc3 25. Rc1 Rxc1 26. Rxc1 Qd7 27. Be2
Rb8 28. Qa5 Bd8 29. Qa7 Qxa7 30. Bxa7 Ra8 31. Bxb5 Kf8 32. Bd4 Rxa2 33. Ra1 Rd2
34. Bc3 Rc2 35. Bb4 Ke7 36. h3 Bb6 37. Ra8 Bc5 38. Ba5 Rc1+ 39. Kh2 Be3 40.
Bd8+ Ke6 41. Ba6 f6 42. Rc8 Ra1 43. Rc7 Ng6 44. Bc8+ Ke5 45. Rc2 h5 46. Re2
Bg1+ 47. Kg3 Rb1 48. Rf2 h4+ 49. Kg4 Bxf2 50. Bf5 0-1

[Event "45th IT Bosna 2015"]
[Site "Sarajevo"]
[Date "2015.05.31"]
[Round "3.25"]
[White "Gazik, Igor"]
[Black "Marinc, Damir"]
[Result "1-0"]
[WhiteElo "2320"]
[BlackElo "2021"]
[PlyCount "37"]
[EventDate "2015.05.30"]

1. e4 e6 2. d3 d5 3. Nd2 c5 4. Ngf3 Nf6 5. g3 Nc6 6. Bg2 dxe4 7. dxe4 Qc7 8.
O-O b6 9. e5 Nd7 10. Re1 Bb7 11. Nc4 Rd8 12. Bg5 Be7 13. Nd6+ Kf8 14. Bxe7+
Kxe7 15. Nxb7 Qxb7 16. Qd6+ Ke8 17. Nd4 cxd4 18. Bxc6 Qc8 19. Rad1 1-0

[Event "45th IT Bosna 2015"]
[Site "Sarajevo"]
[Date "2015.05.31"]
[Round "3.26"]
[White "Popovic, Zoran"]
[Black "Selimovic, Amir"]
[Result "1-0"]
[WhiteElo "2309"]
[BlackElo "1936"]
[PlyCount "55"]
[EventDate "2015.05.30"]

1. d4 d5 2. c4 c6 3. Nc3 Nf6 4. e3 a6 5. Nf3 b5 6. b3 g6 7. Be2 Bg7 8. O-O O-O
9. Ne5 Nfd7 10. f4 Nxe5 11. fxe5 Be6 12. cxd5 cxd5 13. Bf3 Nc6 14. Bd2 Rc8 15.
Qe2 Qd7 16. Rfc1 f6 17. exf6 exf6 18. a4 b4 19. Nd1 f5 20. Qxa6 Nxd4 21. exd4
Bxd4+ 22. Nf2 Bxa1 23. Rxa1 Rc2 24. Qd3 Qg7 25. Rd1 Qb2 26. Bxd5 Bxd5 27. Qxd5+
Kh8 28. Be3 1-0

[Event "45th IT Bosna 2015"]
[Site "Sarajevo"]
[Date "2015.05.31"]
[Round "3.27"]
[White "Popic, Boris"]
[Black "Jusic, Zdenko"]
[Result "1/2-1/2"]
[WhiteElo "2009"]
[BlackElo "2283"]
[PlyCount "122"]
[EventDate "2015.05.30"]

1. d4 d6 2. c4 Nf6 3. Nc3 Nbd7 4. e4 e5 5. d5 c6 6. Be3 Qa5 7. f3 a6 8. a3 Qc7
9. Bd3 Nc5 10. Rc1 Bd7 11. Nge2 a5 12. b4 Na6 13. b5 Nc5 14. O-O Rc8 15. Kh1
cxd5 16. Nxd5 Qd8 17. Nec3 Nxd5 18. Nxd5 Be7 19. f4 Be6 20. Bb1 f6 21. Qh5+ g6
22. Qf3 O-O 23. Qd1 Kh8 24. Qe1 Bg8 25. Qf2 exf4 26. Qxf4 Nd7 27. Qf2 Bxd5 28.
cxd5 Ne5 29. Bb6 Qd7 30. Qe2 Rxc1 31. Rxc1 Rc8 32. Rf1 Rc4 33. Qb2 Qc8 34. Bxa5
Qc5 35. Bd2 Ra4 36. Bc1 Nc4 37. Qb3 Ra5 38. a4 Nb6 39. Qh3 Rxa4 40. Qe6 Qxb5
41. Rg1 Qd7 42. Qf7 Ra8 43. Bh6 Rg8 44. Rf1 Qd8 45. Bd3 Nd7 46. Qe6 Nc5 47. Qh3
Qa5 48. Bb1 Qb5 49. Qf3 g5 50. h4 gxh4 51. e5 dxe5 52. d6 Bd8 53. Qf5 Qd7 54.
Qc2 Rg6 55. Be3 h3 56. g3 Bb6 57. Qf2 Qc6+ 58. Kh2 e4 59. Rc1 Nd3 60. Bxd3 Qxc1
61. Bxc1 Bxf2 1/2-1/2

[Event "45th IT Bosna 2015"]
[Site "Sarajevo"]
[Date "2015.05.31"]
[Round "3.28"]
[White "Haskovic, Salih"]
[Black "Mestrovic, Zvonimir"]
[Result "1-0"]
[WhiteElo "1942"]
[BlackElo "2278"]
[PlyCount "48"]
[EventDate "2015.05.30"]

1. e4 Nc6 2. Nc3 e5 3. Bc4 Nf6 4. d3 Na5 5. Bb3 Nxb3 6. axb3 Be7 7. Bg5 d6 8.
Nf3 O-O 9. Bxf6 Bxf6 10. Nd5 c6 11. Nxf6+ Qxf6 12. Qd2 h6 13. Qe3 c5 14. Nd2 b5
15. b4 Be6 16. bxc5 dxc5 17. Ra6 Rfc8 18. O-O g5 19. h4 Rc7 20. hxg5 hxg5 21.
b3 Kg7 22. Qg3 Bc8 23. Ra5 Rb8 24. Qe3 Rb6 1-0

[Event "45th IT Bosna 2015"]
[Site "Sarajevo"]
[Date "2015.05.31"]
[Round "3.29"]
[White "Bogdanovic, Rajko"]
[Black "Sinanovic, Ermin"]
[Result "0-1"]
[WhiteElo "2268"]
[BlackElo "1930"]
[PlyCount "32"]
[EventDate "2015.05.30"]

1. e4 c5 2. Nf3 d6 3. d4 cxd4 4. Nxd4 Nf6 5. Nc3 g6 6. Be3 Bg7 7. Be2 O-O 8.
Qd2 Ng4 9. Bxg4 Bxg4 10. Bh6 Nc6 11. Bxg7 Kxg7 12. f4 Bd7 13. O-O-O Rc8 14. Nb3
Be6 15. e5 Bxb3 16. axb3 dxe5 0-1

[Event "45th IT Bosna 2015"]
[Site "Sarajevo"]
[Date "2015.05.31"]
[Round "3.30"]
[White "Mrndjic, Muamer"]
[Black "Hadzialic, Benjamin"]
[Result "1/2-1/2"]
[WhiteElo "2263"]
[BlackElo "1924"]
[PlyCount "70"]
[EventDate "2015.05.30"]

1. d4 Nf6 2. c4 e6 3. Nf3 d5 4. Nc3 Be7 5. Bf4 O-O 6. e3 b6 7. cxd5 exd5 8. Bd3
c5 9. O-O Nc6 10. Ne5 Bb7 11. Qa4 Nxe5 12. dxe5 Nh5 13. Rfd1 d4 14. Bg3 Nxg3
15. hxg3 Kh8 16. exd4 cxd4 17. Be4 Bxe4 18. Nxe4 Bc5 19. b4 Be7 20. Nd6 Bxd6
21. Rxd4 Qe8 22. Qxe8 Rfxe8 23. exd6 g6 24. d7 Red8 25. Re1 Kg7 26. Rd6 Rab8
27. Red1 Rb7 28. g4 Kf8 29. R6d3 h6 30. f4 Ke7 31. Kf2 Rbxd7 32. Ke3 Rxd3+ 33.
Rxd3 Rxd3+ 34. Kxd3 Kd6 35. Kc4 a6 1/2-1/2

[Event "45th IT Bosna 2015"]
[Site "Sarajevo"]
[Date "2015.05.31"]
[Round "3.31"]
[White "Dedic, Nedzad"]
[Black "Zildzic, Kenan"]
[Result "0-1"]
[WhiteElo "1927"]
[BlackElo "2181"]
[PlyCount "50"]
[EventDate "2015.05.30"]

1. e4 e5 2. Nf3 Nc6 3. Bb5 a6 4. Ba4 d6 5. d4 b5 6. Bb3 Nxd4 7. Nxd4 exd4 8.
Qxd4 c5 9. Qd5 Be6 10. Qc6+ Bd7 11. Bxf7+ Kxf7 12. Qd5+ Be6 13. Qd3 Nf6 14. Bg5
Be7 15. Nc3 Rf8 16. O-O-O Kg8 17. h4 Ng4 18. Bxe7 Qxe7 19. Nd5 Bxd5 20. Qxd5+
Qf7 21. Qxd6 Nxf2 22. Rhf1 Qxa2 23. Qd5+ Qxd5 24. Rxd5 Nd3+ 25. cxd3 Rxf1+ 0-1